| 000 | 00344nam a2200133Ia 4500 | ||
|---|---|---|---|
| 008 | 230917s9999||||xx |||||||||||||| ||und|| | ||
| 040 |
_e184421 _aMAIN |
||
| 041 | _aEnglish | ||
| 082 | _a34:331 T675T | ||
| 245 | 0 | _aVyavsay sangh adhiniyam | |
| 260 |
_aNew Delhi _bGovt. of India, Deptt. of Publication _c1978 |
||
| 300 | _a13 p. | ||
| 942 | _cBK | ||
| 999 |
_c220409 _d220409 |
||